Sports Quiz

Random Sports or MLB Quiz

MLB Top Stadiums by Attendance (2011) Quiz Stats

Quiz Updated Oct 14, 2016

Also try: MLB Stadiums
Challenge
Share
Tweet
Embed
Score 0/12 Timer 02:00
4 Plays Today
% Capacity Sold in 2011 Regular Season Stadium % Correct
90%Yankee Stadium, New York, New York Yankees
98.8%
102%Fenway Park, Massachusetts, Boston Red Sox
95.2%
90%Wrigley Field, Illinois, Chicago Cubs
86.6%
87%Busch Stadium, Missouri, St. Louis Cardinals
76.7%
74%Rangers Stadium, Texas, Texas Rangers
72.1%
104%Citizens Bank Park, Pennsylvania, Philadelphia Phillies
69.2%
100%AT&T Park, California, San Francisco Giants
67.6%
79%Comerica Park, Michigan, Detroit Tigers
63.7%
72.5%Citi Field, New York, New York Mets
63.2%
90%Miller Park, Wisconsin, Milwaukee Brewers
57.8%
86%Angel Stadium, Anaheim, Los Angeles Angels of Anaheim
56.8%
99.5%Target Field, Minneapolis, Minnesota Twins
49.4%

You're not logged in!

Compare scores with friends on all Sporcle quizzes.
Sign Up with Email
OR
Log In

You Might Also Like...

Show Comments

Extras

Top Quizzes Today


Score Distribution

Your Account Isn't Verified!

In order to create a playlist on Sporcle, you need to verify the email address you used during registration. Go to your Sporcle Settings to finish the process.

Report this User

Report this user for behavior that violates our Community Guidelines.

Details: